| 000 | 00393nam a2200169 a 4500 | ||
|---|---|---|---|
| 001 | 2939 | ||
| 005 | 20140414132115.0 | ||
| 008 | 051130s19uu xx 00 eng d | ||
| 020 | _a | ||
| 050 |
_aREF 912 _bAT6 2003 |
||
| 245 |
_aAtlas of the World : _bThe ultimate interactive. |
||
| 260 |
_aNew York : _bScholastic. |
||
| 500 | _a | ||
| 520 | _a | ||
| 650 | _aAtlas. | ||
| 999 |
_c114882 _d114882 |
||